000 00613nam a2200241Ia 4500
003 OSt
005 20221005084406.0
006 a|||||r|||| 00| 0
007 ta
008 221004b |||||||| |||| 00| 0 eng d
024 _a62745
037 _cTextual
040 _aCRL
_cCRL
_beng
041 _2eng
_aeng
082 _aS2, M4
100 _aHopkins J Roy
_9613265
245 0 _aAdolescence
_b The transitional years
260 _aNew York
_bAcademic Press
_c1983
300 _a494p.
_ccm.
650 _aPSYCHOLOGY
942 _hS2, M4
_cTEXL
_2cc
999 _c992528
_d992528